00652nam a2200169 a 4500003000200000005001700002008004100019050002600060100002800086245010100114260009000215300004000305504004100345650002100386650003300407650004200440020250421102755.0060801s19uu xx 00 eng d aPHS LC 205b.K57 2006 aKishimoto, Christine B. aThe Effects of economic status on the social behavior of the students /cChristine B. Kishimoto. aLas Piñas City, Philippines :bSouthville International School and Colleges,c2006. a27 pages :billustrations ;c28 cm. aIncludes bibliographical references. aEconomic status. aSocial behavior in children. aSocial statusxPsychological aspects.